Náš rozhovor s Dušanom Pollákom, trénerom mládeže Kalcit Rožňava o návšteve v Reale Madrid

Podrobná bibliografia
Hlavný autor: Pollák, Dušan (Autor)
Médium: Článok
Jazyk:slovenčina
Fyzický popis:1 foto
Predmet:

MARC

LEADER 00000nab a2200000 a 4500
001 vtls001000351
003 SK-MaSNL
005 20260426073955.0
008 040720e19950919xo 0 slo
035 |a RV951 
040 |a RVGKPD  |b slo  |c RVGKPD  |e AACR2 
041 0 |a slo 
044 |a xo  |c SK 
080 |a 796.332  |2 1981 
100 1 |a Pollák, Dušan  |4 aut  |9 1024484 
245 1 0 |a Náš rozhovor s Dušanom Pollákom, trénerom mládeže Kalcit Rožňava o návšteve v Reale Madrid 
300 |b 1 foto 
590 |a Pollák, Dušan  |b Futbalový tréner. 
600 1 7 |a Pollák, Dušan  |2 RVGKPD  |9 1024484 
650 0 7 |a návštevy  |2 RVGKPD  |9 726269 
651 7 |a Španielsko  |2 RVGKPD  |9 20008 
655 7 |a periodikum  |2 snkbucl  |9 29553 
773 0 8 |t Zora Gemera  |g Roč. 44, č.38, 19.9.1995, s. 4 
852 |a ZVYKNI  |b KIS3GCP 
999 |c 2720595  |d 2722525